[Event "Olympiad Women 2024"]
[Site "Budapest HUN"]
[Date "2024.09.22"]
[Round "11.21"]
[Board "1"]
[White "Ortiz Verdezoto, Anahi"]
[Black "Rogule, Laura"]
[Result "0-1"]
[WhiteElo "2229"]
[BlackElo "2248"]
[PlyCount "126"]
[EventDate "2024.09.11"]
[WhiteTeam "Ecuador"]
[BlackTeam "Latvia"]
[WhiteTeamCountry "ECU"]
[BlackTeamCountry "LAT"]

1. d4 d5 2. c4 e6 3. Nc3 Nf6 4. cxd5 exd5 5. Bg5 Be7 6. e3 c6 7. Bd3 Nbd7 8. Qc2 Nh5 9. Bxe7 Qxe7 10. Nge2 Nb6 11. O-O g6 12. Rae1 O-O 13. Ng3 ({RR} 13. Nc1 Ng7 14. f3 Bf5 15. e4 Be6 16. exd5 Nxd5 17. Nxd5 cxd5 18. Nb3 Rac8 19. Qd2 Qd6 20. g4 b6 21. Ba6 Rce8 22. Kg2 Bc8 23. Bxc8 Rxe1 24. Rxe1 Rxc8 25. Nc1 Ne6 26. Ne2 a5 27. a3 Rc4 {½-½ Wang,H (2717)-Sargissian,G (2702) China Elite Mind blitz 2016 (4)}) ({RR} 13. Qd2 Re8 14. Nc1 Be6 15. f3 Nf6 16. Qf2 c5 17. Qh4 Nc4 18. b3 cxd4 19. Qxd4 Na5 20. N1e2 Nc6 21. Qh4 Qc5 22. Nd1 Kg7 23. Nd4 Bd7 24. Nxc6 bxc6 25. Qd4 Qd6 26. e4 c5 27. Qb2 dxe4 {½-½ Malek,J (2434)-Chasin,N (2444) 51st Rilton Cup 2023-24 (9.4)}) 13... Nxg3 14. hxg3 Be6 15. Rc1 $146 ({RR} 15. Ne2 Nc8 16. Nf4 Nd6 17. Nxe6 Qxe6 18. Re2 a5 19. Rfe1 Qf6 20. Kh2 Rfe8 21. Rh1 h5 22. Kg1 Kg7 23. Kf1 Rec8 24. Rh4 Qg5 25. Qc5 Qd8 26. Kg1 Rc7 27. Qc1 Re7 28. Rc2 f5 29. Qd1 Re6 {1-0 Nikolov,S (2358)-Deac,B (2391) Varna op-A 8th 2014 (9)}) ({RR} 15. f3 Qd6 16. Ne2 Rad8 17. Nf4 Rfe8 18. b3 Re7 19. g4 Rde8 20. Qf2 Bd7 21. Re2 f6 22. Rc1 Be6 23. g3 Bf7 24. Rce1 Nd7 25. Qh2 c5 26. Qh6 Nf8 27. g5 cxd4 28. Kg2 Re5 29. Nh5 gxh5 {1-0 Tomilova,E (2315)-Semenova,E (2139) RUS-ch (Women) 1st League 61st 2011 (5)}) ({RR} 15. Na4 Nxa4 16. Qxa4 Rfc8 17. Rc1 h5 18. Qc2 Kg7 19. f4 Bg4 20. Qf2 Re8 21. Rce1 f5 22. Qd2 Rad8 23. Kf2 Rd6 24. Rh1 Re6 25. b4 b6 26. Bc2 Qd6 27. Bb3 Kf8 28. Qc3 R8e7 29. Qd2 Kg7 {½-½ Schwab,M (2126)-Niklasch,O (2319) Stuttgart-chA int 2016 (2)}) 15... Nc8 16. Ne2 Nd6 17. Qd2 Bf5 18. Bxf5 Nxf5 19. Nf4 h5 20. Rfe1 a5 21. Qc2 Qf6 22. Nd3 Rfe8 23. Rb1 Re7 24. b4 Nd6 25. Ne5 Nb5 26. Qd2 a4 27. Qd3 Kg7 28. Rec1 Rh8 29. Nf3 Nd6 30. Qd1 Ra8 31. Qe2 Nc4 32. Rxc4 dxc4 33. Qxc4 Qf5 34. Rc1 a3 35. Qb3 Rd7 36. Ne5 Rd5 37. Rc5 Qe6 38. Rc3 Qe7 39. Nd3 h4 40. g4 Qg5 41. Qd1 Rb5 42. Rb3 Qd5 43. Qc1 g5 44. Nc5 Kg6 45. Rxa3 Rh8 46. Nd3 f6 47. Qc2 Kg7 48. Rc3 Qe4 49. Qd2 Qxg4 50. f3 Qg3 51. Qf2 Qxf2+ 52. Kxf2 Ra8 53. a3 Rd5 54. Nc5 Ra7 55. Ke2 Kf7 56. Kd3 Rd8 57. Kc2 Rg8 58. e4 g4 59. e5 g3 60. Kd2 h3 61. a4 hxg2 62. Rc1 Rh8 63. Rg1 Rh1 0-1

[Event "Olympiad Women 2024"]
[Site "Budapest HUN"]
[Date "2024.09.22"]
[Round "11.21"]
[Board "2"]
[White "Berzina, Ilze"]
[Black "Wagenschuetz, Evelyn"]
[Result "1-0"]
[WhiteElo "2200"]
[BlackElo "2036"]
[PlyCount "53"]
[EventDate "2024.09.11"]
[WhiteTeam "Latvia"]
[BlackTeam "Ecuador"]
[WhiteTeamCountry "LAT"]
[BlackTeamCountry "ECU"]

1. e4 c5 2. Nf3 d6 3. Bb5+ Nd7 4. d4 cxd4 5. Qxd4 e5 6. Qd3 h6 7. Nc3 Ngf6 8. O-O Be7 9. Nd2 O-O 10. Bxd7 Qxd7 ({RR} 10... Bxd7 11. Nc4 Be6 12. Rd1 Qc7 13. Ne3 Rac8 14. Bd2 a6 15. Rac1 Qb6 16. b3 Qd4 17. Be1 Qxd3 18. Rxd3 b5 19. Ncd5 Nxd5 20. Nxd5 Bg5 21. Bd2 Bxd2 22. Rxd2 Bxd5 23. Rxd5 Rc6 24. c3 f5 25. exf5 {0-1 Ivanov,A (2575)-Alterman,B (2585) Lloyds Bank op 18th 1994 (10)}) ({RR} 10... Bxd7 11. Nc4 Be6 12. Ne3 Rc8 13. a4 a6 14. Rd1 Qc7 15. Bd2 Bc4 16. Nxc4 Qxc4 17. Qxc4 Rxc4 18. f3 Rfc8 19. Be1 R8c6 20. Rd3 Bd8 21. Rad1 Bb6+ 22. Bf2 Bxf2+ 23. Kxf2 Rb4 24. b3 Rd4 25. Ke1 {½-½ Narciso Dublan,M (2424)-Martin Gonzalez,A (2191) 4th elllobregat Open 2023 (3.59)}) 11. Nc4 b5 $146 ({RR} 11... Qc6 12. Ne3 Be6 13. Ncd5 Bd8 14. Rd1 Rc8 15. c4 Bxd5 16. exd5 Qd7 17. b3 g6 18. Nf1 h5 19. Be3 Ng4 20. a4 Nxe3 21. Nxe3 a5 22. Rdb1 Bb6 23. b4 axb4 24. Rxb4 Bc5 25. Rb5 Rfe8 26. a5 {0-1 Kovacevic,P (2385)-Pavlovic,M (2535) YUG-ch op Nis 1998 (6)}) ({RR} 11... Qc6 12. Ne3 Be6 13. b3 Rfc8 14. Bb2 Bd8 15. a3 Bb6 16. Ncd5 Bxd5 17. exd5 Qd7 18. c4 a6 19. Nf5 g6 20. Ng3 Qg4 21. Rae1 Ba7 {½-½ Lehmann,A (2273)-Hoffmann,M (2487) Lenk op 21st 2009 (3)}) ({RR} 11... Rd8 12. Ne3 Qc6 13. a4 Bf8 14. b3 Be6 15. Ncd5 Bxd5 16. exd5 Qd7 17. Bb2 Nh5 18. g3 g6 19. c4 Bg7 20. Rae1 Re8 21. Ng2 Rac8 22. Bc1 f5 23. f4 e4 24. Qe2 Nf6 25. Ne3 a6 26. a5 {1-0 Mikheev,S (2329)-Denisov,I (2189) Vladimir op-A 2009 (5)}) 12. Ne3 b4 13. Ncd5 Nxd5 14. Nxd5 Rb8 15. a3 bxa3 16. Rxa3 Bd8 17. Ne3 Bb6 18. Nf5 Kh7 19. Qg3 Rg8 20. Qh4 Qd8 21. Qh5 Bxf5 22. Qxf5+ Kh8 23. Rh3 Rb7 24. Bg5 Qc8 25. Rxh6+ gxh6 26. Bf6+ Rg7 27. Qxc8+ 1-0

[Event "Olympiad Women 2024"]
[Site "Budapest HUN"]
[Date "2024.09.22"]
[Round "11.21"]
[Board "3"]
[White "Vasquez Ramirez, Rocio"]
[Black "Ter-Avetisjana, Agnesa Stepania"]
[Result "0-1"]
[WhiteElo "1981"]
[BlackElo "2134"]
[PlyCount "84"]
[EventDate "2024.09.11"]
[WhiteTeam "Ecuador"]
[BlackTeam "Latvia"]
[WhiteTeamCountry "ECU"]
[BlackTeamCountry "LAT"]

1. e4 c6 2. c4 d5 3. exd5 cxd5 4. d4 Nf6 5. Nc3 Nc6 6. Nf3 Bg4 7. Be3 e6 8. c5 Bxf3 9. Qxf3 Be7 ({RR} 9... g6 10. Bb5 Bg7 11. O-O O-O 12. Rfd1 Nd7 13. Qg3 Rc8 14. Rab1 a6 15. Bf1 Ne7 16. b4 Nf5 17. Qh3 a5 18. a3 axb4 19. axb4 Ra8 20. Nb5 Nb8 21. Bd3 Nxe3 22. fxe3 Nc6 23. Nd6 Qe7 24. Bb5 {0-1 Van den Doel,E (2589)-Flom,G (2410) Ghent op 43rd 2022 (6)}) 10. Bb5 O-O 11. O-O Nd7 $146 ({RR} 11... e5 12. dxe5 Nxe5 13. Qf5 Neg4 14. Bd4 Bxc5 15. Bxc5 Qc7 16. Rfd1 Qxh2+ 17. Kf1 Rfe8 18. Bxe8 Rxe8 19. Be3 Rxe3 20. Qc8+ Re8 21. Qxe8+ Nxe8 {0-1 Lundin,E-Opocensky,K Olympiad-05 Folkestone 1933 (9.3)}) ({RR} 11... Rc8 12. a3 a6 13. Bxc6 bxc6 14. Bf4 Nd7 15. b4 e5 16. dxe5 Re8 17. Qd3 Ra8 18. Bg3 Bh4 19. f4 a5 20. Bxh4 Qxh4 21. g3 Qd8 22. Ne2 Nf8 23. Nd4 Qc7 24. Qc3 axb4 25. axb4 Rab8 26. Ra6 {1-0 Johnk,G (1927)-Kallenbach,U (1654) DEN-ch G5-1 Svendborg 2019 (1)}) 12. Qe2 Qc7 13. Rad1 a6 14. Bxc6 Qxc6 15. b4 b6 16. Bf4 Bf6 17. Bd6 Rfe8 18. Qf3 bxc5 19. bxc5 Nb6 20. Bf4 Nc4 21. Qg3 g6 22. h4 Ra7 23. Rfe1 Rb7 24. Re2 a5 25. h5 a4 26. hxg6 hxg6 27. Qf3 Ra8 28. Rc2 Rc8 29. Qe2 Bg7 30. g3 a3 31. Kg2 Rb2 32. Nb1 Qa4 33. Rxb2 axb2 34. Nc3 Qa5 35. Qd3 Qb4 36. Nb1 Ra8 37. c6 Rxa2 38. c7 Ra8 39. Qc3 Qxc3 40. Nxc3 Kf8 41. Nb5 Ke7 42. Na7 Kd7 0-1

[Event "Olympiad Women 2024"]
[Site "Budapest HUN"]
[Date "2024.09.22"]
[Round "11.21"]
[Board "4"]
[White "Krumina, Linda"]
[Black "Guerrero Caicedo, Arlette"]
[Result "0-1"]
[WhiteElo "2091"]
[BlackElo "1868"]
[PlyCount "56"]
[EventDate "2024.09.11"]
[WhiteTeam "Latvia"]
[BlackTeam "Ecuador"]
[WhiteTeamCountry "LAT"]
[BlackTeamCountry "ECU"]

1. d4 Nf6 2. Nf3 g6 3. g3 Bg7 4. Bg2 d5 5. a4 O-O 6. a5 c5 7. dxc5 Na6 8. O-O Nxc5 9. Nc3 e6 $146 ({RR} 9... Bg4 10. Be3 Nce4 11. Bd4 Nxc3 12. Bxc3 Qc8 13. Be5 Rd8 14. Qd4 Qf5 15. c3 h5 16. Rfd1 Qc2 17. h3 Bd7 18. Rd2 Qf5 19. Bxf6 Bxf6 20. Qxd5 Qxd5 21. Rxd5 Bc6 22. Rdd1 Rac8 23. Ne1 Bb5 24. Kf1 {1-0 Meskovs,N (2561)-Kalogeris,I (2368) EU-ch 22nd Terme Catez 2022 (6)}) 10. Be3 Qe7 11. Bd4 Rd8 12. Ra3 Nce4 13. Qa1 Bd7 14. Rd1 Nxc3 15. Bxc3 Bb5 16. Re1 Rac8 17. Be5 Ba6 18. Nd4 Bf8 19. Qd1 Nd7 20. Nf3 Nxe5 21. Nxe5 Qc7 22. Ng4 Bxa3 23. bxa3 Qxc2 24. Qd4 Qc3 25. Nf6+ Kh8 26. Qxc3 Rc7 27. Qc5 Rxc5 28. e3 Rc3 0-1

[Event "Olympiad Women 2024"]
[Site "Budapest HUN"]
[Date "2024.09.22"]
[Round "11.22"]
[Board "1"]
[White "Maksimovic, Masa"]
[Black "Narva, Mai"]
[Result "0-1"]
[WhiteElo "2093"]
[BlackElo "2420"]
[PlyCount "124"]
[EventDate "2024.09.11"]
[WhiteTeam "Bosnia & Herzegovina"]
[BlackTeam "Estonia"]
[WhiteTeamCountry "BIH"]
[BlackTeamCountry "EST"]

1. e4 e5 2. Nf3 Nc6 3. Bb5 a6 4. Ba4 d6 5. c4 Nf6 6. Nc3 Bg4 7. h3 Bxf3 8. Qxf3 Be7 9. Ne2 ({RR} 9. d3 O-O 10. Be3 Nd4 11. Bxd4 exd4 12. Nd5 Nxd5 13. cxd5 c5 14. O-O b5 15. Bb3 Rc8 16. Rfc1 Bg5 17. Rc2 Qe7 18. g3 Rc7 19. Qe2 f5 20. f4 Bh6 21. e5 g5 22. Rf1 gxf4 23. gxf4 Kh8 {0-1 Sarkar,J (2341)-Korkmaz,N (2091) Titled Tue 11th Apr Late 2023 (11)}) 9... Nd7 ({RR} 9... O-O 10. O-O Nd7 11. Bxc6 bxc6 12. d4 Bf6 13. d5 c5 14. Bd2 g6 15. Ba5 Bg7 16. b4 f5 17. Nc3 Ra7 18. bxc5 Nxc5 19. Bb4 Nxe4 20. Nxe4 fxe4 21. Qxe4 Rf4 22. Qe2 Rb7 23. a3 Qd7 24. Rac1 {1-0 Grigoryan,K (2621)-Gascon del Nogal,J (2475) Lorca op 8th 2019 (6)}) 10. d3 $146 ({RR} 10. O-O O-O 11. d3 Rb8 12. a3 Nc5 13. Bc2 Ne6 14. Be3 g6 15. Qg3 Bf6 16. b4 Bg7 17. Ba4 Ned4 18. Ra2 Ne6 19. Bxc6 bxc6 20. f4 f5 21. exf5 Rxf5 22. fxe5 Rxf1+ 23. Kxf1 Bxe5 24. Qe1 c5 {0-1 Lukov,V (2430)-Toshkov,T (2385) BUL-ch35 Sofia 1981 (3)}) 10... O-O 11. Be3 Bg5 12. O-O Rb8 13. Rfc1 Nc5 14. Bxc6 bxc6 15. Rab1 Ne6 16. b4 Qd7 17. Bxg5 Nxg5 18. Qe3 h6 19. Ng3 Rb7 20. d4 exd4 21. Qxd4 Rfb8 22. Nf5 f6 23. h4 Ne6 24. Qd2 c5 25. a3 Kh7 26. Rb3 Qf7 27. g3 cxb4 28. Rxb4 Nc5 29. Rxb7 Rxb7 30. Qd5 Qe8 31. Re1 Rb3 32. Re3 Rxe3 33. Nxe3 Nxe4 34. Kg2 Nc5 35. Qf5+ Kg8 36. Kf3 a5 37. h5 a4 38. Nd5 c6 39. Nf4 Nb3 40. Qd3 Qe5 41. Kg2 Nc5 42. Qd2 Kh7 43. f3 f5 44. Ng6 Nb3 45. Qd3 Qf6 46. Qe2 Qf7 47. Qd3 d5 48. cxd5 Qxd5 49. Qxd5 cxd5 50. Ne7 d4 51. Nxf5 g6 52. hxg6+ Kxg6 53. g4 d3 54. Kf2 h5 55. Kg3 Nd4 56. Ne3 h4+ 57. Kxh4 Nc2 58. Nc4 Kg7 59. Kg3 Nxa3 60. Nb2 d2 61. Kf2 Nb1 62. Ke2 a3 0-1

[Event "Olympiad Women 2024"]
[Site "Budapest HUN"]
[Date "2024.09.22"]
[Round "11.22"]
[Board "2"]
[White "Olde, Margareth"]
[Black "Babic, Milana"]
[Result "0-1"]
[WhiteElo "2135"]
[BlackElo "2080"]
[PlyCount "144"]
[EventDate "2024.09.11"]
[WhiteTeam "Estonia"]
[BlackTeam "Bosnia & Herzegovina"]
[WhiteTeamCountry "EST"]
[BlackTeamCountry "BIH"]

1. d4 Nf6 2. Nf3 b6 3. c4 Bb7 4. g3 g6 5. Bg2 Bg7 6. O-O O-O 7. Nc3 Ne4 8. Bd2 c5 ({RR} 8... e6 9. Qc2 Nxd2 10. Qxd2 d6 11. e4 Nd7 12. Rfe1 Re8 13. h4 a6 14. d5 e5 15. h5 Qe7 16. Bh3 Bc8 17. Kg2 Nf6 18. Bxc8 Raxc8 19. hxg6 fxg6 20. Rh1 h6 21. Nh4 Qf7 22. Raf1 c6 23. Qd3 {0-1 Caruana,F (2782)-Bortnyk,O (2607) Bullet Chess Winners 2023 (1.2)}) 9. e3 d6 ({RR} 9... Nxd2 10. Qxd2 cxd4 11. Nxd4 Bxg2 12. Kxg2 Nc6 13. Nce2 Rc8 14. Rac1 Nxd4 15. Nxd4 d5 16. b3 dxc4 17. bxc4 Qc7 18. Qe2 Rfd8 19. Rfd1 Qc5 20. Nb3 Qa3 21. Nd4 Qc5 22. Nb3 Qb4 23. Nd4 Qa4 24. h4 {0-1 Tulchynskyi,F (2233)-Taboas Rodriguez,D (2344) Titled Tue 23rd Apr Early 2024 (9)}) 10. Be1 $146 ({RR} 10. Rc1 Nxd2 11. Qxd2 Nc6 12. Rfd1 Rb8 13. Qe2 a6 14. b3 Bc8 15. h3 Qc7 16. Kh2 Re8 17. Qd2 Bd7 18. Qe2 Qa7 19. Qd2 Rec8 20. Nd5 Be8 21. Nf4 b5 22. d5 Ne5 23. Nxe5 Bxe5 24. Bf1 a5 {½-½ Savon,V-Gulko,B URS-ch42 Final 1974 (15)}) ({RR} 10. Rc1 Nd7 11. d5 Nxd2 12. Qxd2 a6 13. a4 Qc7 14. e4 Ne5 15. Nxe5 Bxe5 16. f4 Bd4+ 17. Kh1 e6 18. f5 exf5 19. exf5 Rae8 20. Ne4 f6 21. fxg6 Re7 22. gxh7+ Rxh7 23. Rf4 Be5 24. Rf3 Bc8 {0-1 Senthil,M (2183)-Erigaisi,A (2548) Chennai op 11th 2019 (5)}) ({RR} 10. Rc1 Na6 11. d5 Nxd2 12. Nxd2 Nc7 13. f4 b5 14. cxb5 Bxc3 15. bxc3 Bxd5 16. e4 Bb7 17. a4 d5 18. Nb3 Qd6 19. Na5 Rab8 20. Nxb7 Rxb7 21. exd5 a5 22. c4 Na8 23. f5 Nb6 24. Rf4 Rd7 {1-0 Unuk,L (2343)-Isgandarova,K (2257) TUR-chT Kocaeli 2017 (1.3)}) 10... Nd7 11. Qd3 Nxc3 12. Bxc3 cxd4 13. exd4 Rc8 14. Rfe1 d5 15. cxd5 Bxd5 16. h4 Nf6 17. Qe3 Re8 18. Bh3 Rc7 19. Ne5 Bb7 20. Rac1 e6 21. Kh2 Qd5 22. a3 h5 23. Rg1 Qb5 24. Bf1 Qxe5 25. dxe5 Ng4+ 26. Kh3 Nxe3 27. fxe3 Bxe5 28. Bg2 Bxg2+ 29. Rxg2 Rec8 30. Rgc2 b5 31. Rb1 Bxc3 32. bxc3 Rxc3 33. Rxc3 Rxc3 34. Rxb5 Rxa3 35. e4 Ra2 36. e5 a5 37. Rb8+ Kg7 38. Ra8 a4 39. Ra7 a3 40. Ra8 Ra1 41. Kg2 a2 42. Kh2 g5 43. hxg5 Kg6 44. Kg2 Kxg5 45. Ra4 Kf5 46. Ra5 Ke4 47. Kh2 Kd4 48. Kg2 Ke4 49. Kh2 Kf5 50. Kg2 Kg5 51. Kh2 h4 52. gxh4+ Kxh4 53. Kg2 Kg4 54. Ra7 Kg5 55. Kh2 Kg6 56. Kg2 Re1 57. Rxa2 Rxe5 58. Kf3 f5 59. Ra8 Rb5 60. Rf8 Kg7 61. Rc8 Kf6 62. Rc3 e5 63. Kg3 Kg5 64. Kf3 Rb4 65. Ra3 e4+ 66. Kg3 f4+ 67. Kh3 Rb5 68. Rc3 e3 69. Ra3 Kf5 70. Kh4 e2 71. Ra1 Re5 72. Re1 Re3 0-1

[Event "Olympiad Women 2024"]
[Site "Budapest HUN"]
[Date "2024.09.22"]
[Round "11.22"]
[Board "3"]
[White "Jacimovic, Sara"]
[Black "Blokhin, Sofia"]
[Result "0-1"]
[WhiteElo "1981"]
[BlackElo "2036"]
[PlyCount "62"]
[EventDate "2024.09.11"]
[WhiteTeam "Bosnia & Herzegovina"]
[BlackTeam "Estonia"]
[WhiteTeamCountry "BIH"]
[BlackTeamCountry "EST"]

1. e4 c5 2. Nc3 e6 3. g3 Nc6 4. Bg2 g6 5. d3 Bg7 6. Be3 Nd4 7. Nce2 Ne7 8. c3 Nxe2 9. Nxe2 b6 10. Qd2 ({RR} 10. d4 d6 11. dxc5 dxc5 12. Qxd8+ Kxd8 13. O-O-O+ Kc7 14. e5 Rb8 15. f4 Ba6 16. Rd2 Rbd8 17. Rhd1 Rxd2 18. Rxd2 Rd8 19. Rxd8 Kxd8 20. Kd2 h5 21. b3 Nf5 22. c4 Nxe3 23. Kxe3 Bf8 24. Nc3 Be7 {½-½ Ma,Q (2630)-Lu,S (2615) SCO National Chess Online rapid 2020 (4.4)}) ({RR} 10. O-O Bb7 11. Qd2 O-O 12. Bh6 d5 13. Bxg7 Kxg7 14. Rad1 Qc7 15. Qg5 h6 16. Qe3 Rad8 17. f4 Rd7 18. g4 f5 {½-½ Wood,P (1948)-Noone,J (1906) World Senior Teams +65 2024 (3.2)}) 10... Bb7 11. Bh6 O-O 12. h4 Bxh6 $146 ({RR} 12... f6 13. Bxg7 Kxg7 14. h5 g5 15. O-O-O h6 16. f4 Qc7 17. d4 Rad8 18. d5 exd5 19. exd5 d6 20. g4 Rde8 21. Ng3 Qd7 22. Ne4 Nxd5 23. fxg5 fxg5 24. c4 Nf4 25. Nxd6 Bxg2 26. Nf5+ Qxf5 27. gxf5 {½-½ Smyslov,V-Kamishov,M Moscow-ch25 Final 1946 (7)}) ({RR} 12... f6 13. Bxg7 Kxg7 14. O-O-O Qc7 15. Kb1 e5 16. f4 h6 17. g4 Rad8 18. f5 gxf5 19. gxf5 Kh7 20. Ng3 Rg8 21. Nh5 Rdf8 22. Rhg1 Qd6 23. Qe2 Bc6 24. Kc2 Ba4+ 25. b3 Bb5 26. Bf3 Rxg1 27. Rxg1 {½-½ Ramik,Z (2213)-Murdzia,P (2422) CZE-chT 1617 2016 (6.1)}) ({RR} 12... Nf5 13. Bxg7 Kxg7 14. h5 g5 15. f3 Nh6 16. O-O-O d5 17. Qe3 Rc8 18. Kb1 Kh8 19. d4 Qf6 20. e5 Qe7 21. g4 Rg8 22. Bh3 Ba6 23. Ng3 Bb5 24. Rhg1 a5 25. Bf1 Ba4 26. Rd2 c4 27. Nh1 {½-½ Martin,O (2033)-Adu,O (2241) Lagos Friends of Chess 2015 (1)}) 13. Qxh6 f6 14. Qd2 e5 15. f4 exf4 16. Nxf4 Qe8 17. O-O-O Qf7 18. Kb1 d5 19. Qc2 Rad8 20. Rdf1 dxe4 21. dxe4 Nc6 22. h5 Ne5 23. hxg6 hxg6 24. Rh6 Kg7 25. Rh4 Rh8 26. Bh3 Rde8 27. Ne6+ Rxe6 28. Bxe6 Qxe6 29. Rhf4 Nc4 30. Qd3 Bxe4 31. Rxe4 Qxe4 0-1

[Event "Olympiad Women 2024"]
[Site "Budapest HUN"]
[Date "2024.09.22"]
[Round "11.22"]
[Board "4"]
[White "Olde, Grete"]
[Black "Mimic, Sofija"]
[Result "1/2-1/2"]
[WhiteElo "1952"]
[BlackElo "1809"]
[PlyCount "127"]
[EventDate "2024.09.11"]
[WhiteTeam "Estonia"]
[BlackTeam "Bosnia & Herzegovina"]
[WhiteTeamCountry "EST"]
[BlackTeamCountry "BIH"]

1. e4 c5 2. Nf3 d6 3. d4 cxd4 4. Qxd4 Nc6 5. Qd3 e6 6. c4 Be7 7. Nc3 Nf6 8. Be2 O-O 9. O-O Qc7 $146 ({RR} 9... a6 10. Bf4 Qc7 11. Rfd1 Ne5 12. Nxe5 dxe5 13. Bg3 b6 14. a3 Bb7 15. b4 Bc6 16. Rac1 Rfd8 17. Nd5 Qb7 18. Nxe7+ Qxe7 19. Qe3 Qc7 20. Rxd8+ Rxd8 21. f3 a5 22. b5 Bb7 23. c5 bxc5 24. Qxc5 {1-0 Zhakan,E (1962)-Ciszewski,K (2090) 60th Rubinstein Mem Open 2024 (6.32)}) 10. h3 Rd8 11. Be3 Ne5 12. Nb5 Qb8 13. Qc2 Bd7 14. Nfd4 a6 15. Nc3 Qc7 16. b3 Rac8 17. Rac1 Nc6 18. f4 Nxd4 19. Bxd4 Bc6 20. Bd3 h6 21. Qf2 Nd7 22. b4 b6 23. b5 Bb7 24. Qg3 Bf6 25. Bxf6 Nxf6 26. Rcd1 axb5 27. Nxb5 Qc5+ 28. Kh2 Bxe4 29. Be2 d5 30. cxd5 Nxd5 31. Rc1 Qb4 32. Rxc8 Rxc8 33. f5 Bxf5 34. Nd6 Rc3 35. Bf3 Bg6 36. Qe5 Re3 37. Qg3 Nf6 38. Rd1 Kh7 39. Qf2 Rd3 40. Rxd3 Bxd3 41. Nxf7 Bg6 42. Ne5 Qf4+ 43. Qg3 Qxg3+ 44. Kxg3 Bb1 45. a3 Ba2 46. Kf4 Nd5+ 47. Ke4 Kg8 48. Kd4 Kf8 49. Nd3 Nc7 50. Nb4 Bb1 51. a4 Ke7 52. Ke5 Bg6 53. a5 bxa5 54. Nc6+ Kd7 55. Nxa5 Na6 56. Nc4 Nc5 57. Kd4 Nd3 58. Ne5+ Nxe5 59. Kxe5 Bf5 60. Bd1 Ke7 61. Bb3 h5 62. Bd1 Bg6 63. h4 Be8 64. g3 1/2-1/2

[Event "Olympiad Women 2024"]
[Site "Budapest HUN"]
[Date "2024.09.22"]
[Round "11.23"]
[Board "1"]
[White "Cvitan, Ena"]
[Black "Shohradova, Lala"]
[Result "0-1"]
[WhiteElo "2259"]
[BlackElo "2030"]
[PlyCount "70"]
[EventDate "2024.09.11"]
[WhiteTeam "Croatia"]
[BlackTeam "Turkmenistan"]
[WhiteTeamCountry "CRO"]
[BlackTeamCountry "TKM"]

1. d4 d5 2. c4 e6 3. Nc3 Nf6 4. cxd5 exd5 5. Bg5 Be7 6. e3 Nbd7 7. Bd3 c6 8. Nf3 O-O 9. Qc2 Re8 10. O-O Nf8 11. Rae1 Ng6 12. Ne5 Ng4 13. Bxe7 Qxe7 14. f4 N4xe5 ({RR} 14... Nf8 15. h3 Nxe5 16. dxe5 f6 17. exf6 Qxf6 18. e4 Qd4+ 19. Kh1 dxe4 20. Nxe4 Be6 21. Ng5 h6 22. Nxe6 Nxe6 23. Rxe6 Rxe6 24. Bc4 Rae8 25. f5 Qf6 26. Re1 Kf8 27. Bxe6 Qe7 28. Rd1 {1-0 Marcziter,D (2209)-Bilan,D (2303) Titled Tue 16th Apr Early 2024 (9)}) 15. fxe5 ({RR} 15. dxe5 Nf8 16. Qf2 Bd7 17. e4 dxe4 18. Nxe4 Bf5 19. Nf6+ gxf6 20. Bxf5 fxe5 21. fxe5 Ng6 22. e6 f6 23. Bxg6 hxg6 24. Qxf6 Qxf6 25. Rxf6 Re7 26. Rxg6+ Kh7 27. Rg4 Rae8 28. Rge4 Rd8 29. R1e3 Kg6 {1-0 Grachev,B (2654)-Sharafiev,A (2433) RUS-ch rapid 2017 (8)}) 15... Be6 16. Rf3 c5 17. Qf2 $146 ({RR} 17. Ref1 a6 18. Qf2 b5 19. Kh1 Ra7 20. Rg1 Qd7 21. h3 b4 22. Ne2 c4 23. Bc2 a5 24. g4 a4 25. Qg3 b3 26. Bxg6 fxg6 27. a3 Raa8 28. Rgf1 Rf8 29. Kh2 Qe7 30. Rxf8+ Rxf8 31. Rxf8+ Kxf8 {½-½ Toefferl,H (2205)-Krnjovsek,A Bled op 13th 1992 (2)}) 17... a6 18. Ne2 c4 19. Bb1 b5 20. Nf4 Nxf4 21. Rxf4 a5 22. Rf1 b4 23. Rf6 gxf6 24. Bxh7+ Kf8 25. exf6 Qd6 26. Qh4 Red8 27. e4 Ke8 28. exd5 Qxd5 29. Be4 Qxd4+ 30. Kh1 Ra6 31. h3 Rad6 32. Rf4 Qe5 33. Bg6 Rd1+ 34. Kh2 R8d4 35. Bxf7+ Bxf7 0-1

[Event "Olympiad Women 2024"]
[Site "Budapest HUN"]
[Date "2024.09.22"]
[Round "11.23"]
[Board "2"]
[White "Agajanova, Meryem"]
[Black "Berke, Ana"]
[Result "1/2-1/2"]
[WhiteElo "2007"]
[BlackElo "2093"]
[PlyCount "150"]
[EventDate "2024.09.11"]
[WhiteTeam "Turkmenistan"]
[BlackTeam "Croatia"]
[WhiteTeamCountry "TKM"]
[BlackTeamCountry "CRO"]

1. d4 Nf6 2. c4 g6 3. Nc3 Bg7 4. e4 d6 5. h3 e5 6. dxe5 dxe5 7. Qxd8+ Kxd8 8. Bg5 ({RR} 8. Be3 c6 9. Nf3 Nfd7 10. O-O-O Ke7 11. c5 h5 12. Bc4 Bh6 13. Bxh6 Rxh6 14. Ng5 f6 15. Nf7 Rh7 16. Nd6 Rh8 17. g4 Nxc5 18. gxh5 b5 19. b4 bxc4 20. Nxc8+ Rxc8 21. bxc5 g5 22. h4 g4 {1-0 Duda,J (2740)-Carlsen,M (2864) Miami FTX Crypto Cup rapid 2022 (5.3)}) 8... h6 ({RR} 8... Be6 9. O-O-O+ Kc8 10. Nf3 Nc6 11. Be2 b6 12. Be3 Kb7 13. Rd2 Rad8 14. Rhd1 Rxd2 15. Rxd2 h6 16. Rd1 Nd7 17. a3 a5 18. Bf1 Nc5 19. Bxc5 bxc5 20. Na4 Bf8 21. Ne1 Ka7 22. Nd3 Bxc4 23. Ndxc5 {1-0 Fiskaaen,M (2118)-Skramstad,O (1945) Fagernes GM Open 2024 (2.45)}) 9. O-O-O+ Ke8 $146 ({RR} 9... Bd7 10. Be3 c6 11. Nf3 Re8 12. Be2 Bf8 13. a3 Kc7 14. Kc2 Na6 15. b4 b6 16. Nh2 Rad8 17. Ng4 Ng8 18. f4 f6 19. g3 exf4 20. gxf4 f5 21. Ne5 fxe4 22. c5 Bc8 23. Rxd8 Rxd8 24. cxb6+ {1-0 Asfora,M (2221)-Girao,M Fortaleza Brazil op 2nd 2012 (2)}) ({RR} 9... Nbd7 10. Bh4 c6 11. Nf3 Kc7 12. g4 h5 13. g5 Nh7 14. Bg3 Re8 15. Na4 Nhf8 16. c5 b5 17. cxb6+ axb6 18. Nc3 Ne6 19. Bc4 Ba6 20. Bb3 Re7 21. Kb1 Nf4 22. Rd2 Nc5 23. Bc2 Rd8 24. Rhd1 {0-1 Skreko,I (2173)-Bures,J (2417) Trnava Reti Memorial IM 2022 (2)}) 10. Be3 c6 11. Nf3 Nfd7 12. Be2 Nf8 13. Nd2 Ne6 14. c5 Nd4 15. Nc4 Nd7 16. b4 b6 17. Bg4 bxc5 18. bxc5 Nxc5 19. Nd6+ Ke7 20. Nxc8+ Raxc8 21. Bxc8 Rxc8 22. Rhe1 Rb8 23. Rd2 Rb4 24. f3 a5 25. Ne2 a4 26. f4 Rc4+ 27. Kd1 Nxe4 28. Nxd4 Nxd2 29. fxe5 Ne4 30. Ke2 Rc3 31. Rb1 Bxe5 32. Rb7+ Kf6 33. Rb6 Ng3+ 34. Kf2 Nf5 35. Rxc6+ Rxc6 36. Nxc6 Nxe3 37. Kxe3 h5 38. Nb4 Ke6 39. g4 hxg4 40. hxg4 f5 41. gxf5+ Kxf5 42. Nd3 a3 43. Nf2 Bd6 44. Ne4 Be7 45. Kd4 g5 46. Nxg5 Bxg5 47. Kc3 Ke4 48. Kb3 Be7 49. Kc2 Kd4 50. Kd2 Ke4 51. Kc2 Ke3 52. Kc3 Ke2 53. Kc2 Bd6 54. Kc1 Be5 55. Kc2 Bb2 56. Kb1 Be5 57. Kc2 Ke3 58. Kb3 Bd6 59. Kc3 Be7 60. Kc2 Kd4 61. Kd2 Kc4 62. Kc2 Bf6 63. Kc1 Kd3 64. Kb1 Kc3 65. Kc1 Bg5+ 66. Kb1 Be3 67. Ka1 Bd4 68. Kb1 Be5 69. Kc1 Kd3 70. Kb1 Kc3 71. Kc1 Kd3 72. Kb1 Kc3 73. Kc1 Bf4+ 74. Kb1 Kd2 75. Ka1 Kc2 1/2-1/2